[Event "Junior Online 4NCL Division 5"]
[Site "online"]
[Date "2021.02.18"]
[EventDate "2021.02.18"]
[Round "3.337"]
[White "Broachi, Zain"]
[WhiteElo "894"]
[WhiteTeam "JHJ Shark Tank 9"]
[Black "Wagner, Jacob"]
[BlackElo "750"]
[BlackTeam "Brentwood School C"]
[Result "1-0"]
[PlyCount "29"]

1. e4 e5 2. Nf3 Qf6 3. Bc4 Nh6 4. Nc3 Ng4 5. h3 Nh6 6. O-O Bc5 7. Nd5 Qd6 8. d4 exd4 9. Nxd4 Bxd4 10. Qxd4 c5 11. Qxg7 Rf8 12. Nf6+ Ke7 13. Bxh6 b6 14. Qxf8+ Kxf6 15. Qxd6# 1-0

[Event "Junior Online 4NCL Division 5"]
[Site "online"]
[Date "2021.02.18"]
[EventDate "2021.02.18"]
[Round "3.338"]
[White "Wand, Matthew"]
[WhiteElo "750"]
[WhiteTeam "Brentwood School C"]
[Black "Singh-Raj, Aryan"]
[BlackElo "858"]
[BlackTeam "JHJ Shark Tank 9"]
[Result "0-1"]
[PlyCount "52"]

1. d4 d5 2. e3 Nc6 3. c4 dxc4 4. b3 cxb3 5. axb3 e5 6. dxe5 Qxd1+ 7. Kxd1 Nxe5 8. Bb5+ Bd7 9. Bxd7+ Nxd7 10. Bb2 Ngf6 11. f4 Bb4 12. Bc3 Bxc3 13. Nxc3 O-O 14. e4 Rad8 15. e5 Nxe5+ 16. Ke1 Nd3+ 17. Kd2 Nxf4+ 18. Ke3 N4d5+ 19. Ke2 Nxc3+ 20. Kf3 Rd3+ 21. Kf2 Nfe4+ 22. Ke1 Re3+ 23. Kf1 Nd2+ 24. Kf2 Rfe8 25. Rxa7 b6 26. Rxc7 Nd1# 0-1

[Event "Junior Online 4NCL Division 5"]
[Site "online"]
[Date "2021.02.18"]
[EventDate "2021.02.18"]
[Round "3.341"]
[White "Ali, Rayyan"]
[WhiteElo "1000"]
[WhiteTeam "Wimbledon Juniors B"]
[Black "Morin, Julian"]
[BlackElo "938"]
[BlackTeam "Barnet Knights G"]
[Result "1-0"]
[PlyCount "81"]

1. b3 e5 2. Bb2 Nc6 3. g3 d5 4. Bg2 Nf6 5. a3 Bc5 6. e3 O-O 7. Ne2 Be6 8. O-O Qd7 9. d3 Bg4 10. Nd2 e4 11. d4 Bd6 12. c4 dxc4 13. Nxc4 Qe6 14. Nxd6 Qxd6 15. b4 Qe6 16. Qd2 Bh3 17. Nf4 Qg4 18. Nxh3 Rfe8 19. Nf4 g5 20. Bh3 Qf3 21. Bg2 Qg4 22. f3 exf3 23. Bxf3 Qd7 24. Nh5 Nxh5 25. Bxh5 Qh3 26. Bxf7+ Kg7 27. Bxe8 Rxe8 28. d5+ Ne5 29. Bxe5+ Rxe5 30. Qc3 Kh6 31. Qxe5 Qd7 32. Rf6+ Kh5 33. d6 cxd6 34. Rxd6 Qa4 35. Qe4 Qb3 36. Qxh7+ Kg4 37. Qe4+ Kh5 38. Qh7+ Kg4 39. Rd4+ Kf3 40. Qf5+ Ke2 41. Qf2# 1-0

[Event "Junior Online 4NCL Division 5"]
[Site "online"]
[Date "2021.02.18"]
[EventDate "2021.02.18"]
[Round "3.342"]
[White "Marshall, Wilfred"]
[WhiteElo "887"]
[WhiteTeam "Barnet Knights G"]
[Black "Tinworth, Frederick"]
[BlackElo "925"]
[BlackTeam "Wimbledon Juniors B"]
[Result "1-0"]
[PlyCount "25"]

1. e4 e5 2. Nf3 Nf6 3. Nxe5 Nxe4 4. Qe2 d5 5. d3 f6 6. Qh5+ g6 7. Nxg6 hxg6 8. Qxh8 Nc6 9. dxe4 dxe4 10. Bc4 Nd4 11. Bb3 Bg4 12. Qh7 g5 13. Qf7# 1-0

[Event "Junior Online 4NCL Division 5"]
[Site "online"]
[Date "2021.02.18"]
[EventDate "2021.02.18"]
[Round "3.344"]
[White "Greenberg, Sam"]
[WhiteElo "600"]
[WhiteTeam "Barnet Knights G"]
[Black "Mold, Ernest"]
[BlackElo "649"]
[BlackTeam "Wimbledon Juniors B"]
[Result "0-1"]
[PlyCount "58"]

1. e4 e5 2. Nf3 Nc6 3. Bc4 Bc5 4. Nxe5 Nxe5 5. d4 Nxc4 6. dxc5 c6 7. Qd3 Ne5 8. Qd4 Qf6 9. Bf4 Ng4 10. Qxf6 N4xf6 11. e5 Nd5 12. Bg5 f6 13. exf6 gxf6 14. Be3 Nxe3 15. fxe3 Ne7 16. Nc3 Nf5 17. e4 Ne3 18. Rc1 Nxg2+ 19. Kd1 Ne3+ 20. Kd2 Nc4+ 21. Kd3 Nxb2+ 22. Kd2 Nc4+ 23. Kd3 Na5 24. Rcf1 O-O 25. Rhg1+ Kf7 26. Rg4 h5 27. Rh4 Rh8 28. Rf5 d5 29. exd5 Bxf5+ 0-1

[Event "Junior Online 4NCL Division 5"]
[Site "online"]
[Date "2021.02.18"]
[EventDate "2021.02.18"]
[Round "3.345"]
[White "Morin, Julian"]
[WhiteElo "938"]
[WhiteTeam "Barnet Knights G"]
[Black "Ali, Rayyan"]
[BlackElo "1000"]
[BlackTeam "Wimbledon Juniors B"]
[Result "0-1"]
[PlyCount "78"]

1. e4 b6 2. d4 Bb7 3. Nc3 g6 4. Nf3 Bg7 5. Bc4 e6 6. Bf4 h6 7. O-O Ne7 8. e5 d6 9. exd6 cxd6 10. Nb5 Nf5 11. g4 Bf8 12. gxf5 gxf5 13. Kh1 Rg8 14. Rg1 Rxg1+ 15. Qxg1 Bxf3+ 16. Qg2 Bxg2+ 17. Kxg2 Nc6 18. d5 Nb4 19. dxe6 fxe6 20. Bxe6 Nxc2 21. Rc1 Nb4 22. a3 Nd3 23. Rd1 Nxf4+ 24. Kf3 Nxe6 25. Rxd6 Bxd6 26. Nxd6+ Qxd6 27. b4 a5 28. bxa5 bxa5 29. Kg2 Qf4 30. Kf1 Qxh2 31. Ke1 Nf4 32. a4 Nd3+ 33. Kd1 Nxf2+ 34. Kc1 Rc8+ 35. Kb1 Qg1+ 36. Ka2 Nd3 37. Ka3 Qc1+ 38. Kb3 Qc3+ 39. Ka2 Qb2# 0-1

[Event "Junior Online 4NCL Division 5"]
[Site "online"]
[Date "2021.02.18"]
[EventDate "2021.02.18"]
[Round "3.346"]
[White "Tinworth, Frederick"]
[WhiteElo "925"]
[WhiteTeam "Wimbledon Juniors B"]
[Black "Marshall, Wilfred"]
[BlackElo "887"]
[BlackTeam "Barnet Knights G"]
[Result "0-1"]
[PlyCount "62"]

1. e4 c5 2. c4 e6 3. e5 f6 4. Nf3 Be7 5. Bd3 Nc6 6. O-O d5 7. cxd5 Qxd5 8. Qc2 f5 9. Nc3 Qd8 10. Bb5 Qb6 11. Bxc6+ Qxc6 12. d4 cxd4 13. Nxd4 Qc4 14. Be3 Bd7 15. Ndb5 Bxb5 16. Rac1 Rc8 17. Nxb5 Qxc2 18. Nxa7 Qxc1 19. Bxc1 Ra8 20. Nc6 bxc6 21. Rd1 Rxa2 22. b3 Bg5 23. Bxg5 h6 24. Be3 g5 25. h3 f4 26. Bc5 h5 27. f3 Nh6 28. Rd6 g4 29. fxg4 hxg4 30. hxg4 Ra1+ 31. Kh2 Nxg4# 0-1

[Event "Junior Online 4NCL Division 5"]
[Site "online"]
[Date "2021.02.18"]
[EventDate "2021.02.18"]
[Round "3.348"]
[White "Mold, Ernest"]
[WhiteElo "649"]
[WhiteTeam "Wimbledon Juniors B"]
[Black "Greenberg, Sam"]
[BlackElo "600"]
[BlackTeam "Barnet Knights G"]
[Result "1-0"]
[PlyCount "82"]

1. e4 e5 2. Qf3 Nf6 3. Qe2 Bc5 4. Nc3 Nc6 5. Nf3 Nd4 6. Nxd4 Bxd4 7. Qd3 Ng4 8. f3 Nf2 9. Qe2 Nxh1 10. Nd5 Bf2+ 11. Kd1 Bd4 12. g3 Nf2+ 13. Ke1 c6 14. Nf4 exf4 15. gxf4 d5 16. e5 Bh3 17. Bxh3 Nxh3 18. e6 fxe6 19. Qxe6+ Qe7 20. Qxe7+ Kxe7 21. c3 Bf2+ 22. Kf1 Bh4 23. d4 Rhf8 24. Kg2 Nxf4+ 25. Bxf4 Rxf4 26. Rf1 g5 27. Re1+ Kf8 28. Re6 h5 29. Rh6 g4 30. Rh8+ Ke7 31. Rxa8 g3 32. hxg3 Bxg3 33. Kxg3 Rf6 34. Rxa7 Rg6+ 35. Kf2 h4 36. Rxb7+ Ke6 37. Rb8 Rf6 38. Rh8 Kf5 39. Rxh4 Kg5 40. Rg4+ Kf5 41. Rg2 Ke6 1-0

[Event "Junior Online 4NCL Division 5"]
[Site "online"]
[Date "2021.02.18"]
[EventDate "2021.02.18"]
[Round "3.351"]
[White "Panesar, Gian"]
[WhiteElo "800"]
[WhiteTeam "Dragon Kings 2"]
[Black "Carter, Olvier"]
[BlackElo "935"]
[BlackTeam "Surrey Kings 3"]
[Result "0-1"]
[PlyCount "60"]

1. d4 d5 2. c4 Nf6 3. e3 Bf5 4. Nc3 Nc6 5. Nxd5 Nxd5 6. cxd5 Qxd5 7. Nf3 Nb4 8. Bd2 Nd3+ 9. Ke2 Nxb2 10. Qc1 Qc4+ 11. Ke1 Nd3+ 12. Bxd3 Qxd3 13. Ne5 Qb5 14. Nf3 Bd3 15. Qxc7 Qb2 16. Qc3 Qb5 17. Rc1 Be2 18. Ne5 e6 19. Qb4 Bxb4 20. Bxb4 Qxb4+ 21. Kxe2 Qb2+ 22. Kd1 Qxa2 23. Nd3 Qa4+ 24. Rc2 Qa1+ 25. Nc1 Ke7 26. Ra2 Qc3 27. Rc2 Qa1 28. Kd2 Rac8 29. Rg1 Qa4 30. Rxc8 Rxc8 0-1

[Event "Junior Online 4NCL Division 5"]
[Site "online"]
[Date "2021.02.18"]
[EventDate "2021.02.18"]
[Round "3.352"]
[White "Salguero, Santiago"]
[WhiteElo "927"]
[WhiteTeam "Surrey Kings 3"]
[Black "Pink, Callum"]
[BlackElo "800"]
[BlackTeam "Dragon Kings 2"]
[Result "1-0"]
[PlyCount "35"]

1. e4 e5 2. Nf3 Nf6 3. Bc4 Nc6 4. d3 d6 5. Bg5 Be6 6. Nc3 Be7 7. O-O Qd7 8. Qd2 O-O 9. Rae1 Ng4 10. Re3 Nf6 11. Ne1 Nb4 12. f4 Nxa2 13. Rh3 Nxc3 14. bxc3 h6 15. f5 hxg5 16. Qxg5 Nh7 17. Qh5 Nf6 18. Qh8# 1-0

[Event "Junior Online 4NCL Division 5"]
[Site "online"]
[Date "2021.02.18"]
[EventDate "2021.02.18"]
[Round "3.353"]
[White "Choy, Thomas"]
[WhiteElo "800"]
[WhiteTeam "Dragon Kings 2"]
[Black "Peverett, Kian"]
[BlackElo "925"]
[BlackTeam "Surrey Kings 3"]
[Result "0-1"]
[PlyCount "74"]

1. e4 c5 2. Nc3 Nc6 3. Nf3 g6 4. Bd3 Bg7 5. O-O Nf6 6. b3 O-O 7. Bb2 Re8 8. Re1 d5 9. exd5 Nxd5 10. Nxd5 Bxb2 11. Rb1 Qxd5 12. Rxb2 Bg4 13. Re4 Bh5 14. b4 Nxb4 15. Bc4 Qxe4 16. Rxb4 cxb4 17. Be2 Bxf3 18. gxf3 Qe5 19. f4 Qxf4 20. Bf3 Rab8 21. a3 bxa3 22. Be2 Qf6 23. Qa1 Qxa1+ 24. Kg2 Qe1 25. Kf3 a2 26. d4 Qxe2+ 27. Kxe2 a1=Q 28. c3 Qxc3 29. d5 Rbd8 30. f3 Rxd5 31. h4 Rb5 32. Kf2 Rb2+ 33. Kg3 Qc1 34. Kg4 Rd8 35. Kg3 Qg1+ 36. Kf4 Rd4+ 37. Ke5 Re2# 0-1

[Event "Junior Online 4NCL Division 5"]
[Site "online"]
[Date "2021.02.18"]
[EventDate "2021.02.18"]
[Round "3.354"]
[White "Goldhawk, Harrison"]
[WhiteElo "958"]
[WhiteTeam "Surrey Kings 3"]
[Black "Tipton, Daniel"]
[BlackElo "708"]
[BlackTeam "Dragon Kings 2"]
[Result "1-0"]
[PlyCount "49"]

1. e4 d5 2. Nc3 dxe4 3. Nxe4 e5 4. Nf3 Bd7 5. Nxe5 Bc6 6. Bc4 Bxe4 7. Nxf7 Qe7 8. Nxh8 Na6 9. O-O O-O-O 10. Re1 Qf6 11. d3 Bf5 12. g4 g6 13. gxf5 Qxh8 14. fxg6 hxg6 15. Rb1 Qh5 16. Qd2 Qg4+ 17. Kh1 Bc5 18. Rg1 Qf3+ 19. Rg2 Bxf2 20. Qxf2 Qd1+ 21. Rg1 Qh5 22. Qf1 Rd4 23. Be6+ Kb8 24. Bxg8 Rh4 25. Qf8# 1-0

[Event "Junior Online 4NCL Division 5"]
[Site "online"]
[Date "2021.02.18"]
[EventDate "2021.02.18"]
[Round "3.356"]
[White "Pink, Callum"]
[WhiteElo "800"]
[WhiteTeam "Dragon Kings 2"]
[Black "Salguero, Santiago"]
[BlackElo "927"]
[BlackTeam "Surrey Kings 3"]
[Result "0-1"]
[PlyCount "82"]

1. e4 e5 2. Nf3 Bc5 3. Nxe5 f6 4. Nd3 d5 5. exd5 Qxd5 6. Nxc5 Qxc5 7. Be2 Ne7 8. Bh5+ g6 9. Bf3 O-O 10. Qe2 Re8 11. d3 Nf5 12. Qxe8+ Kg7 13. Qxc8 Qe5+ 14. Kd2 Qa5+ 15. Kd1 Qe5 16. Bxb7 Nd6 17. Qxc7+ Nf7 18. Qc6 Nxc6 19. Bxc6 Re8 20. Bxe8 Qxe8 21. Be3 Nd6 22. Bxa7 Nb5 23. Bc5 Qe5 24. Re1 Qh5+ 25. Kd2 Qxc5 26. b4 Qxb4+ 27. Kc1 Qxe1+ 28. Kb2 Qxf2 29. Nc3 Nd4 30. Nd1 Qxg2 31. a4 Qxh2 32. Kc3 Ne2+ 33. Kb4 Qe5 34. a5 Qxa1 35. a6 Qxa6 36. c4 Nc1 37. c5 Nxd3+ 38. Kc3 Nxc5 39. Nb2 Qa3+ 40. Kc2 Qb3+ 41. Kb1 Nd3 0-1

[Event "Junior Online 4NCL Division 5"]
[Site "online"]
[Date "2021.02.18"]
[EventDate "2021.02.18"]
[Round "3.357"]
[White "Peverett, Kian"]
[WhiteElo "925"]
[WhiteTeam "Surrey Kings 3"]
[Black "Choy, Thomas"]
[BlackElo "800"]
[BlackTeam "Dragon Kings 2"]
[Result "1-0"]
[PlyCount "71"]

1. e4 e6 2. Nf3 Nf6 3. e5 d5 4. exf6 Qxf6 5. d4 Bb4+ 6. Bd2 Bxd2+ 7. Qxd2 Bd7 8. Nc3 Nc6 9. O-O-O O-O-O 10. Nb5 a6 11. Ne5 Nxd4 12. Qxd4 axb5 13. Qa7 c6 14. Nxd7 Rxd7 15. Qa8+ Kc7 16. Qxh8 e5 17. Qxh7 Qh6+ 18. Qxh6 gxh6 19. Be2 e4 20. Bg4 f5 21. Bxf5 h5 22. Bxd7 Kxd7 23. f3 e3 24. Rhe1 d4 25. Rxd4+ Kc7 26. Rxe3 h4 27. f4 c5 28. Rde4 Kd7 29. f5 Kd6 30. f6 c4 31. f7 Kc5 32. f8=Q+ Kb6 33. Re6+ Ka5 34. Qa8+ Kb4 35. c3+ Kc5 36. R3e5# 1-0

[Event "Junior Online 4NCL Division 5"]
[Site "online"]
[Date "2021.02.18"]
[EventDate "2021.02.18"]
[Round "3.358"]
[White "Tipton, Daniel"]
[WhiteElo "708"]
[WhiteTeam "Dragon Kings 2"]
[Black "Goldhawk, Harrison"]
[BlackElo "958"]
[BlackTeam "Surrey Kings 3"]
[Result "1-0"]
[PlyCount "33"]

1. e4 e5 2. Bc4 Nf6 3. Nf3 Nc6 4. Nc3 Bc5 5. O-O O-O 6. d4 exd4 7. Nxd4 Nxd4 8. e5 Ne4 9. Nxe4 Bb6 10. Be3 c5 11. Nxc5 Bxc5 12. Bxd4 Bxd4 13. Qxd4 b6 14. Bd3 Re8 15. Qe4 Re7 16. Qxh7+ Kf8 17. Qh8# 1-0

[Event "Junior Online 4NCL Division 5"]
[Site "online"]
[Date "2021.02.18"]
[EventDate "2021.02.18"]
[Round "3.361"]
[White "Wilkinson, Bernard"]
[WhiteElo "1105"]
[WhiteTeam "Cambridge Chess & Go C"]
[Black "Gelmini, Leonardo"]
[BlackElo "900"]
[BlackTeam "Eden Primary Knights"]
[Result "0-1"]
[PlyCount "78"]

1. e4 c5 2. Bc4 g6 3. Nf3 Bg7 4. O-O Nc6 5. d3 Nf6 6. Nc3 d6 7. Bf4 O-O 8. d4 cxd4 9. Nxd4 Nxd4 10. Qxd4 Nh5 11. Qe3 Nf6 12. Bh6 Bxh6 13. Qxh6 Qb6 14. Rfd1 Qxb2 15. Nd5 Nxe4 16. Rab1 Qxc2 17. Qe3 Qxc4 18. Rbc1 Qa4 19. Rd4 Qxa2 20. Rxe4 Qxd5 21. Rxe7 Bf5 22. Qc3 Rac8 23. Rc7 b6 24. h3 Rxc7 25. Qxc7 Rc8 26. Qxc8+ Bxc8 27. Rxc8+ Kg7 28. Kh2 a5 29. Rb8 b5 30. Rb6 b4 31. Ra6 Qb5 32. Ra8 a4 33. g4 b3 34. f4 b2 35. Kg3 b1=Q 36. Kh4 f5 37. Ra7+ Kf6 38. g5+ Ke6 39. Ra8 Qe1# 0-1

[Event "Junior Online 4NCL Division 5"]
[Site "online"]
[Date "2021.02.18"]
[EventDate "2021.02.18"]
[Round "3.362"]
[White "Feldman, Joshua"]
[WhiteElo "753"]
[WhiteTeam "Eden Primary Knights"]
[Black "Syposz, Iza"]
[BlackElo "1007"]
[BlackTeam "Cambridge Chess & Go C"]
[Result "1-0"]
[PlyCount "33"]

1. e4 e5 2. Bc4 Nf6 3. Nc3 Bb4 4. Nf3 Bxc3 5. bxc3 O-O 6. Nxe5 Nxe4 7. Nxf7 Qf6 8. O-O Nd6 9. Nxd6+ Kh8 10. Nxc8 Rxc8 11. Ba3 Qc6 12. d3 Re8 13. Qh5 Rd8 14. Rfe1 Qf6 15. Qe8+ Rxe8 16. Rxe8+ Qf8 17. Rxf8# 1-0

[Event "Junior Online 4NCL Division 5"]
[Site "online"]
[Date "2021.02.18"]
[EventDate "2021.02.18"]
[Round "3.363"]
[White "Mole, Tommy"]
[WhiteElo "1000"]
[WhiteTeam "Cambridge Chess & Go C"]
[Black "Querfurth Waterman, Maya"]
[BlackElo "742"]
[BlackTeam "Eden Primary Knights"]
[Result "0-1"]
[PlyCount "40"]

1. e4 e5 2. Bc4 Bc5 3. Qh5 Qe7 4. Nf3 Nf6 5. Nxe5 Nxh5 6. Nxf7 O-O 7. Nd6+ Kh8 8. Nf7+ Rxf7 9. Bxf7 Qxf7 10. O-O Nc6 11. d3 d6 12. Nc3 Be6 13. Nb5 Rf8 14. c4 Qe8 15. Nxc7 Qe7 16. Nb5 Rf7 17. g3 Qf8 18. Kh1 Rxf2 19. Rg1 Rf1 20. Kg2 Rxg1# 0-1

[Event "Junior Online 4NCL Division 5"]
[Site "online"]
[Date "2021.02.18"]
[EventDate "2021.02.18"]
[Round "3.364"]
[White "Lasserson, Gabriel"]
[WhiteElo "774"]
[WhiteTeam "Eden Primary Knights"]
[Black "Vysohlid, Peter"]
[BlackElo "886"]
[BlackTeam "Cambridge Chess & Go C"]
[Result "0-1"]
[PlyCount "84"]

1. e4 c5 2. Nf3 d6 3. Nc3 a6 4. Bc4 Nf6 5. Ng5 Bg4 6. f3 Be6 7. Nxe6 fxe6 8. Bxe6 Nbd7 9. f4 g6 10. e5 Nh5 11. g4 Nxf4 12. Rf1 Nxe6 13. Rg1 Nxe5 14. g5 Qd7 15. Qe2 Qc6 16. b3 Nf3+ 17. Kf1 Nxg1 18. Kxg1 Nxg5 19. Qg4 Nf3+ 20. Kf2 Nxh2 21. Qg2 Qxg2+ 22. Kxg2 Ng4 23. d3 O-O-O 24. Kg3 Bg7 25. Kxg4 Bxc3 26. Rb1 h5+ 27. Kg5 h4 28. Kxg6 h3 29. Ba3 Rdg8+ 30. Kf7 h2 31. Kxe7 Rg1 32. Kxd6 h1=Q 33. Bxc5 Rxb1 34. Ke7 Re1+ 35. Kf7 Rhe8 36. d4 Qf1+ 37. Kg7 Rf8 38. Bxf8 Bxd4+ 39. Kg8 Re8 40. Kh7 Rxf8 41. Kh6 Qg1 42. Kh7 Rh8# 0-1

[Event "Junior Online 4NCL Division 5"]
[Site "online"]
[Date "2021.02.18"]
[EventDate "2021.02.18"]
[Round "3.365"]
[White "Gelmini, Leonardo"]
[WhiteElo "900"]
[WhiteTeam "Eden Primary Knights"]
[Black "Wilkinson, Bernard"]
[BlackElo "1105"]
[BlackTeam "Cambridge Chess & Go C"]
[Result "0-1"]
[PlyCount "64"]

1. d4 d5 2. c4 Nf6 3. Nc3 Bf5 4. Nf3 e6 5. e3 Bd6 6. Bd2 Bg4 7. Bd3 O-O 8. h3 Bh5 9. O-O Nc6 10. Qb3 Na5 11. Nxd5 Nxb3 12. axb3 Nxd5 13. cxd5 Bxf3 14. gxf3 Qg5+ 15. Kh1 Qh5 16. Kg1 Qxh3 17. Rfe1 Bh2+ 18. Kh1 Bf4+ 19. Kg1 Qxf3 20. Be2 Bh2+ 21. Kxh2 Qxd5 22. Ra5 Qxb3 23. Rb1 Qc2 24. Rd1 Qxb2 25. Raa1 Qb6 26. Rab1 Qd6+ 27. Kg1 Rab8 28. Bb4 Qd5 29. Bxf8 Qg5+ 30. Kf1 Rxf8 31. Rxb7 Qd5 32. Rxa7 Qh1# 0-1

[Event "Junior Online 4NCL Division 5"]
[Site "online"]
[Date "2021.02.18"]
[EventDate "2021.02.18"]
[Round "3.366"]
[White "Syposz, Iza"]
[WhiteElo "1007"]
[WhiteTeam "Cambridge Chess & Go C"]
[Black "Feldman, Joshua"]
[BlackElo "753"]
[BlackTeam "Eden Primary Knights"]
[Result "1-0"]
[PlyCount "55"]

1. e4 e5 2. Nf3 Nc6 3. Bc4 Nf6 4. d3 Bc5 5. O-O O-O 6. Bg5 Nb4 7. a3 Nc6 8. Bxf6 Qxf6 9. Nbd2 Nd4 10. Nxd4 Bxd4 11. c3 Bxf2+ 12. Rxf2 Qb6 13. d4 d5 14. exd5 exd4 15. cxd4 Qxd4 16. Qe1 f5 17. Nf3 Qc5 18. b3 f4 19. Rc1 Bg4 20. h3 Bxf3 21. gxf3 Qxa3 22. Rg2 Rf7 23. d6 c5 24. Bxf7+ Kxf7 25. Qe7+ Kg8 26. Rxc5 Qxc5+ 27. Kf1 Qc6 28. Qxg7# 1-0

[Event "Junior Online 4NCL Division 5"]
[Site "online"]
[Date "2021.02.18"]
[EventDate "2021.02.18"]
[Round "3.367"]
[White "Querfurth Waterman, Maya"]
[WhiteElo "742"]
[WhiteTeam "Eden Primary Knights"]
[Black "Mole, Tommy"]
[BlackElo "1000"]
[BlackTeam "Cambridge Chess & Go C"]
[Result "0-1"]
[PlyCount "38"]

1. e4 e5 2. Bc4 Nf6 3. Nf3 d6 4. Nc3 Nc6 5. Ng5 Qe7 6. Nxf7 Rg8 7. d3 Be6 8. Bxe6 Qxe6 9. Ng5 Qd7 10. O-O O-O-O 11. Nb5 Nd4 12. Nxd4 exd4 13. c3 dxc3 14. bxc3 d5 15. exd5 Qxd5 16. c4 Qd4 17. Rb1 Bd6 18. Be3 Qe5 19. Qf3 Qxh2# 0-1

[Event "Junior Online 4NCL Division 5"]
[Site "online"]
[Date "2021.02.18"]
[EventDate "2021.02.18"]
[Round "3.368"]
[White "Vysohlid, Peter"]
[WhiteElo "886"]
[WhiteTeam "Cambridge Chess & Go C"]
[Black "Lasserson, Gabriel"]
[BlackElo "774"]
[BlackTeam "Eden Primary Knights"]
[Result "1-0"]
[PlyCount "143"]

1. e4 c5 2. Nf3 Nf6 3. d4 cxd4 4. Nxd4 Nxe4 5. c4 e5 6. Nb3 Bb4+ 7. Nc3 d6 8. f3 Bxc3+ 9. bxc3 Nxc3 10. Qc2 Na4 11. c5 dxc5 12. Bb5+ Bd7 13. Bxd7+ Nxd7 14. Ba3 O-O 15. Bxc5 Ndxc5 16. Nxc5 b6 17. Nxa4 Qc8 18. Qxc8 Rfxc8 19. O-O b5 20. Nb2 Rc2 21. Nd3 Rd8 22. Nxe5 Rd5 23. Rfe1 f6 24. Ng4 f5 25. Re8+ Kf7 26. Re7+ Kxe7 27. Ne3 f4 28. Nxd5+ Ke6 29. Nxf4+ Kf5 30. g3 a5 31. Rf1 b4 32. Nd5 Rb2 33. g4+ Ke5 34. Ne3 Rxa2 35. f4+ Ke4 36. Nd1 b3 37. f5 Ra1 38. Nc3+ Kd4 39. Rxa1 Kxc3 40. Rb1 b2 41. Kf1 Kc2 42. Re1 b1=Q 43. Rxb1 Kxb1 44. g5 a4 45. f6 gxf6 46. gxf6 a3 47. f7 a2 48. f8=Q a1=Q 49. Qb8+ Kc2+ 50. Kf2 Qf6+ 51. Ke2 Qc3 52. Qh8 Qd3+ 53. Kf2 Kd1 54. Qa1+ Kd2 55. Qe1+ Kc2 56. Qe2+ Qxe2+ 57. Kxe2 h6 58. Kf2 h5 59. Kg3 Kd3 60. Kh4 Ke3 61. h3 Kf4 62. Kxh5 Kg3 63. h4 Kf4 64. Kg6 Kg4 65. h5 Kh4 66. h6 Kg4 67. h7 Kf4 68. h8=Q Ke4 69. Kg5 Kd3 70. Qe5 Kd2 71. Qd6+ Ke1 72. Kf4 1-0

[Event "Junior Online 4NCL Division 5"]
[Site "online"]
[Date "2021.03.04"]
[EventDate "2021.03.04"]
[Round "4.11"]
[White "Chung, Daniel"]
[WhiteElo "1482"]
[WhiteTeam "Young Dragons B"]
[Black "Kumar, Soham"]
[BlackElo "1811"]
[BlackTeam "Berkshire Bishops"]
[Result "0-1"]
[PlyCount "126"]

1. d4 Nf6 2. c4 c5 3. d5 b5 4. e3 bxc4 5. Bxc4 d6 6. Nf3 Nbd7 7. Nc3 g6 8. e4 Bg7 9. Be3 O-O 10. O-O Rb8 11. Qd2 Ng4 12. b3 Nxe3 13. Qxe3 Qa5 14. Rac1 Ba6 15. Bxa6 Qxa6 16. Rc2 Rfc8 17. Ng5 h6 18. Nf3 c4 19. Nd2 cxb3 20. Nxb3 Nc5 21. Nxc5 Rxc5 22. Rfc1 Rbc8 23. Qd2 Qa5 24. Nb1 Qxd2 25. Nxd2 Rxc2 26. Rxc2 Rxc2 27. Nf1 Rc1 28. g3 Ra1 29. Kg2 Rxa2 30. Ne3 Ra3 31. Nc4 Rc3 32. Na5 Rc2 33. Nc6 Kf8 34. Nxa7 Bd4 35. Nc6 Bxf2 36. Kf3 Bb6 37. h4 Rc3+ 38. Kf4 f6 39. g4 Be3+ 40. Kf3 Bg5+ 41. Kf2 Bxh4+ 42. Ke2 Ke8 43. Kd2 Rxc6 44. dxc6 Kd8 45. Kc3 Kc7 46. Kd4 Kxc6 47. Kc4 Bf2 48. Kd3 h5 49. gxh5 gxh5 50. Ke2 Bh4 51. Kf3 Kc5 52. Kg2 Kd4 53. Kh3 Bg5 54. Kg3 Kxe4 55. Kh3 d5 56. Kg2 d4 57. Kh3 d3 58. Kg2 d2 59. Kh3 d1=Q 60. Kg2 Qe2+ 61. Kg3 Qg4+ 62. Kh2 Kf3 63. Kh1 Qg2# 0-1

[Event "Junior Online 4NCL Division 5"]
[Site "online"]
[Date "2021.03.04"]
[EventDate "2021.03.04"]
[Round "4.12"]
[White "Rybak, Teo"]
[WhiteElo "1780"]
[WhiteTeam "Berkshire Bishops"]
[Black "Ryan, Tabitha"]
[BlackElo "1435"]
[BlackTeam "Young Dragons B"]
[Result "1-0"]
[PlyCount "143"]

1. e4 d6 2. d4 Nf6 3. Nc3 g6 4. Be3 Bg7 5. f3 c6 6. Qd2 b5 7. g4 a5 8. Nge2 e5 9. h4 b4 10. Nd1 Ba6 11. Ng3 Bxf1 12. Kxf1 Na6 13. c3 c5 14. d5 Qb6 15. c4 Ke7 16. h5 Kd7 17. Bg5 Ng8 18. f4 Bh6 19. fxe5 Bxg5 20. Qxg5 h6 21. Qf4 Ke7 22. hxg6 fxg6 23. Kg2 Rf8 24. exd6+ Qxd6 25. Qxd6+ Kxd6 26. Nf2 Nf6 27. Nd3 Nd7 28. Rae1 Ne5 29. Nxe5 Kxe5 30. Rd1 Rd8 31. Rhf1 Rhf8 32. Rf3 Nb8 33. Kf2 Nd7 34. Rxf8 Rxf8+ 35. Ke3 Nb6 36. b3 Nd7 37. d6 Rf6 38. Rd5+ Ke6 39. Ne2 Nb6 40. Nf4+ Kd7 41. Rxc5 Rxd6 42. Nd5 Nxd5+ 43. Rxd5 Rxd5 44. exd5 h5 45. gxh5 gxh5 46. Kf4 Kd6 47. Kg5 h4 48. Kxh4 Kc5 49. Kg5 Kd6 50. Kf6 Kd7 51. c5 Kc7 52. Ke7 Kc8 53. d6 Kb7 54. d7 Kc6 55. d8=Q Kxc5 56. Qc7+ Kd4 57. Qc6 Kd3 58. Qc5 Ke4 59. Ke6 Kf4 60. Qe5+ Kf3 61. Kf5 a4 62. bxa4 b3 63. axb3 Kf2 64. Qc3 Ke2 65. Kf4 Kf2 66. Qe3+ Kg2 67. Qg3+ Kh1 68. Qc3 Kg2 69. Qe3 Kh1 70. Qd2 Kg1 71. Kg3 Kh1 72. Qh2# 1-0

[Event "Junior Online 4NCL Division 5"]
[Site "online"]
[Date "2021.03.04"]
[EventDate "2021.03.04"]
[Round "4.13"]
[White "Challoner, Ethan"]
[WhiteElo "1300"]
[WhiteTeam "Young Dragons B"]
[Black "Khoury, Theo"]
[BlackElo "1645"]
[BlackTeam "Berkshire Bishops"]
[Result "0-1"]
[PlyCount "40"]

1. d4 Nf6 2. Bf4 c5 3. e3 e6 4. c3 d5 5. Nf3 Nc6 6. Nbd2 Bd6 7. Ne5 O-O 8. Ndf3 cxd4 9. cxd4 Bb4+ 10. Nd2 Nxe5 11. Bxe5 Ne4 12. Qg4 Bxd2+ 13. Ke2 f6 14. f3 fxe5 15. fxe4 Ba5 16. g3 Qb6 17. Rb1 Qb5+ 18. Kd1 Rxf1+ 19. Rxf1 Qd3+ 20. Kc1 Qd2# 0-1

[Event "Junior Online 4NCL Division 5"]
[Site "online"]
[Date "2021.03.04"]
[EventDate "2021.03.04"]
[Round "4.14"]
[White "Ramesh, Eshitha"]
[WhiteElo "1285"]
[WhiteTeam "Berkshire Bishops"]
[Black "Caesar, Isabella"]
[BlackElo "1255"]
[BlackTeam "Young Dragons B"]
[Result "1-0"]
[PlyCount "83"]

1. e4 e5 2. Nf3 Nc6 3. Bc4 Nf6 4. d4 exd4 5. O-O Bc5 6. e5 Ne4 7. Re1 d5 8. Bd3 O-O 9. Bxe4 dxe4 10. Rxe4 Re8 11. Nbd2 Bf5 12. Re1 Qd5 13. Nb3 Nxe5 14. Nxe5 Rxe5 15. Rxe5 Qxe5 16. Nxc5 Qxc5 17. Bf4 Bd7 18. Rc1 h6 19. h3 c6 20. Qf3 Re8 21. Qg3 g5 22. Bd2 Qd5 23. Qb3 Qxb3 24. axb3 Re2 25. Bb4 Kg7 26. Kf1 d3 27. cxd3 Rxb2 28. Bc3+ f6 29. Bxb2 Bf5 30. d4 b5 31. Rxc6 Be4 32. Rc7+ Kg6 33. Rxa7 Bd3+ 34. Ke1 f5 35. d5 f4 36. d6 Kf5 37. d7 f3 38. gxf3 g4 39. fxg4+ Kg5 40. d8=Q+ Kf4 41. Qxd3 b4 42. Qe3# 1-0

[Event "Junior Online 4NCL Division 5"]
[Site "online"]
[Date "2021.03.04"]
[EventDate "2021.03.04"]
[Round "4.15"]
[White "Kumar, Soham"]
[WhiteElo "1811"]
[WhiteTeam "Berkshire Bishops"]
[Black "Chung, Daniel"]
[BlackElo "1482"]
[BlackTeam "Young Dragons B"]
[Result "1-0"]
[PlyCount "59"]

1. e4 c5 2. Nf3 e6 3. d4 cxd4 4. Nxd4 Nf6 5. Nc3 Bb4 6. Bd3 Nc6 7. Nxc6 dxc6 8. O-O O-O 9. Bg5 h6 10. Bh4 Be7 11. Bg3 b5 12. Qe2 a6 13. Rad1 Bb7 14. Bxb5 Qb6 15. Bc4 Qxb2 16. Be5 Qb6 17. Rb1 Qa7 18. Rfd1 Rfd8 19. Qf3 Rab8 20. Bxb8 Rxb8 21. Qe3 Qa8 22. Na4 c5 23. f3 g5 24. Kh1 g4 25. Nb6 Qa7 26. Qxh6 gxf3 27. gxf3 Bxe4 28. Rg1+ Bg6 29. Rxg6+ fxg6 30. Bxe6# 1-0